000 00492nam a2200181Ia 4500
008 240925s9999 xx 000 0 und d
020 _aNA
082 _a403.97 TUP
100 _aThe university of punjab
245 0 _aUrdu Encyclopaedia of islam xix
250 _aNA
260 _aLahore:
_bPunjab university lahore Dep of urdu encyl of islam
_c,1986.
300 _a312p.
_bNA
_fOriginal
500 _aNA
600 _aHumanities & Natural Science
650 _aLanguages
942 _cBK
999 _c7667
_d7667